00626nam a22002177a 4500003000700000005001700007008004100024020001800065040002500083041000800108050001900116100001800135245006200153260004500215300002200260336002300282337002700305338002300332600001800355650003500373CBULib20240111091944.0231005b |||||||| |||| 00| 0 eng d a9780199674824 bEnglishcCBULiberda aeng aB 3376.W56 Hac aHacker, P.M.S aWittgenstein : comparisons and contextc/ by P.M.S.Hacker aOxford :bOxford University Press,c2013 axxvii, 250 pages  2rdacontentaText | 2rdamediaaUnmediated | 2rdacarrieraVolume 0aHacker, P.M.S 0aWITTGENSTEIN, LUDWIG,1889-1951